|
|
|
|
| LEADER |
00000nam a2200000 a 4500 |
| 001 |
UCZ8160 |
| 003 |
CL-VaPUC |
| 008 |
960112e19840000SP |||||||||||||||||spa|d |
| 082 |
0 |
4 |
|a 362.7
|b JOL
|2 21
|
| 100 |
|
|
|a Jolly, Richard
|e author
|9 353340
|
| 700 |
0 |
|
|a Andrea Cornia, Giovanni
|e author
|9 353341
|
| 245 |
1 |
0 |
|a Efectos de la recesión mundial sobre la infancia
|
| 300 |
|
|
|a 384 p
|
| 942 |
|
|
|c BK
|
| 945 |
|
|
|d 19960112 00:00:00
|a lriquelm
|
| 260 |
|
|
|a Madrid
|b Siglo XXI
|c 1984
|
| 650 |
|
0 |
|a Niños
|9 255605
|
| 650 |
|
0 |
|a Bienestar social
|9 255298
|
| 650 |
|
7 |
|a BIENESTAR DE LA INFANCIA
|2 CL-VaPUC
|9 353342
|
| 650 |
|
7 |
|a DEPRESION ECONOMICA
|2 CL-VaPUC
|9 345339
|
| 650 |
|
0 |
|a Pobreza
|9 258652
|
| 650 |
|
0 |
|a Problemas sociales
|9 258537
|
| 650 |
|
0 |
|a Ciencias sociales
|v Investigación
|9 307767
|
| 583 |
|
|
|a last modification
|c 19960112 00:00:00
|k Rodrigo Vera
|
| 999 |
|
|
|c 244112
|d 244110
|
| 952 |
|
|
|0 0
|1 0
|4 0
|6 362_700000000000000_JOL_1984
|7 0
|8 P
|9 258059
|a BIBEDU
|b BIBEDU
|c BIBEDU_PB
|d 2019-11-19
|i 1616390
|o 362.7 JOL 1984
|p 1616390
|r 2024-01-25
|w 2019-11-19
|y BK
|k EDU
|